Tribhuvan University Central Library

Regional development experiences and prospects in Latin America (Record no. 57422)

MARC details
000 -LEADER
fixed length control field 00612 a2200193 4500
082 ## - DEWEY DECIMAL CLASSIFICATION NUMBER
Classification number 338.98
Item number St66r
100 ## - MAIN ENTRY--PERSONAL NAME
Personal name Stohr, Walter
9 (RLIN) 16616
245 ## - TITLE STATEMENT
Title Regional development experiences and prospects in Latin America
260 ## - PUBLICATION, DISTRIBUTION, ETC.
Place of publication, distribution, etc. Paris
Name of publisher, distributor, etc. The Hague
Date of publication, distribution, etc. 1975
300 ## - PHYSICAL DESCRIPTION
Extent xi, 186p.
Other physical details illus.
440 ## - SERIES STATEMENT/ADDED ENTRY--TITLE
Title United Nations Research Institute for Social Development, Geneva
Number of part/section of a work v.3
9 (RLIN) 16617
504 ## - BIBLIOGRAPHY, ETC. NOTE
Bibliography, etc. note Bibliography : p.181-186
650 ## - SUBJECT ADDED ENTRY--TOPICAL TERM
Topical term or geographic name entry element Economic conditions
650 ## - SUBJECT ADDED ENTRY--TOPICAL TERM
Topical term or geographic name entry element Regional development
650 ## - SUBJECT ADDED ENTRY--TOPICAL TERM
Topical term or geographic name entry element Decentralization
650 ## - SUBJECT ADDED ENTRY--TOPICAL TERM
Topical term or geographic name entry element Urbanization
9 (RLIN) 1655
653 ## - INDEX TERM--UNCONTROLLED
Uncontrolled term Economic development
942 ## - ADDED ENTRY ELEMENTS (KOHA)
Source of classification or shelving scheme Dewey Decimal Classification
Koha item type General Collections
Holdings
Withdrawn status Lost status Source of classification or shelving scheme Damaged status Not for loan Home library Current library Date acquired Total Checkouts Full call number Barcode Date last seen Price effective from Koha item type
    Dewey Decimal Classification     Tribhuvan University Central Library Tribhuvan University Central Library 02/13/2011   338.98 St66r G19283 02/13/2011 02/13/2011 General Collections